Responses for show #7039 - Thursday, April 2, 2015

Kerry Greene game 2.

Contestants

[<< previous game]

Niels Hirschmann, a commercial property manager from Belmont, California

Sharon Boyd, a public health advisor from Washington, D.C.

Kerry Greene, a volunteer guardian ad litem from Manchester, New Hampshire (whose 1-day cash winnings total $19,201)

[next game >>]

Jeopardy! Round responses

TEAM AKAs
AMERICAN HISTORY
TALKING DIRTY
COMPANIES
IT BORDERS BOTH COUNTRIES
UP IN THE ATTIC
    $200 2
the (Chicago) Bears

Kerry
    $200 1
the Senate

Niels
    $200 7
foul

Kerry
    $200 17
Harley-Davidson

Niels
    $200 26
France

Kerry
    $200 12
cricket

Kerry
    $400 18
the Dallas Cowboys

Niels
    $400 3
ISIS (or the Islamic State)

Kerry
    $400 8
soil

Niels
    $400 20
Apple

Niels
    $400 27
India

Sharon
    $400 13
(Sharon: [*], yes. Sombre.)

sombrero

Sharon
    $600 19
the (Montreal) Canadiens

Kerry
    $600 4
olive

Niels
    $600 9
muck

Niels
    $600 21
Procter & Gamble

Sharon
    $600 28
[NOTE: Russia is also a correct response, though this went unmentioned.]

Sweden

Kerry
    $600 14
a Purple Heart

Kerry
    $800 24
the Philadelphia Phillies

Triple Stumper
    $800 5
drugs

Niels
    $800 10
Soot

Sharon
    $800 22
Gold Toe

Kerry
    $800 29
[NOTE: Zambia is also a correct response, though this went unmentioned.]

South Africa

Kerry
    $800 15
a crèche

Kerry
    $1000 25
(Alex: Oh, you guys are not residents of Los Angeles. We're [*], yes.)

the L.A. Clippers

Triple Stumper
    $1000 6
nativism

Sharon
    $1000 11
tarnish

Kerry
    $1000 23
(Niels: Who is Prefontaine?)

Phil Knight

Niels
Triple Stumper
    $3,000 30
(Alex: It's been a long, long while since we've, uh, run into that clue at the very end of a round.)

Saudi Arabia

Kerry
    $1000 16
the lute

Triple Stumper

Scores at the first commercial break (after clue 15):

Kerry Sharon Niels
$3,400 $2,200 $2,600

Scores at the end of the Jeopardy! Round:

Kerry Sharon Niels
$9,400 $3,200 $2,600

Double Jeopardy! Round responses

FROM RUSSIA
WITH LOVE
GOLDEN "I"
DIE ANOTHER DAY
SKYFALL
THE NEXT JAMES BOND?
    $400 1
Doctor Zhivago

Triple Stumper
    $400 10
Don Juan

Sharon
    $400 9
incandescent

Sharon
    $400 16
Martin Luther King Jr.

Kerry
    $400 7
(Sharon: What is an asteroid?)
(Niels: What is a meteorite?)
...
(Alex: That size not impressive for a meteorite, but [*], [*] 8-inches across. Ooh, pain.)

a hailstone

SharonNiels
Triple Stumper
    $400 2
James Brolin

Niels
    $3,200 12
(Niels: Uh, what are pastorals?)

Uncle Vanya

Niels
    $800 11
Sweethearts

Niels
    $800 17
idolatry

Niels
    $800 21
(Niels: Who is JFK?)
...
(Alex: We're not talking about November 22nd, but November 24th and that was not JFK but [*].)

Lee Harvey Oswald

Niels
Triple Stumper
    $800 8
(Charles) Lindbergh

Kerry
    $800 3
Idris Elba

Niels
    $1200 28
Pushkin

Kerry
    $1200 25
(Niels: What is "sent with a kiss"?)
[Originally ruled incorrect; reversed before Final Jeopardy!]

sealed with a kiss

KerryNiels
    $1200 18
(Niels: What are investments?)

ingots

SharonNiels
    $1200 22
the Big Bopper (or Buddy Holly or Ritchie Valens)

Niels
    $1200 13
a comet

Niels
    $1200 4
Cary Grant

Niels
    $1600 29
Dostoevsky

Triple Stumper
    $1600 26
(Niels: Who is Eros?)

Erato

Niels
Triple Stumper
    $1600 19
India Pale Ale

Niels
    $1600 23
Houdini

Niels
    $1600 14
Reunion

Kerry
    $1600 5
Clive Owen

Niels
    $2000 27
Ovid

Triple Stumper
    $2000 20
illuminating

Kerry
    $2,000 24
Einstein

Niels
    $2000 15
golf balls

Niels
    $2000 6
Eric Bana

Triple Stumper

Scores at the end of the Double Jeopardy! Round:

Kerry Sharon Niels
$16,600 $4,800 $11,800

[wagering suggestions for these scores]

Final Jeopardy! Round responses

NATIONAL HISTORIC LANDMARKS
SharonWhat is New Orleans?
$4,799
NielsWhat is New Orleans?
$11,800
KerryWhat is New Orleans
$7,001
New Orleans

Final scores:

Kerry Sharon Niels
$23,601 $9,599 $23,600
2-day champion: $42,802 3rd place: $1,000 2nd place: $2,000

Game dynamics:

Coryat scores:

Kerry Sharon Niels
$14,600 $4,800 $15,000
19 R
(including 1 DD),
0 W
8 R,
1 W
21 R
(including 1 DD),
6 W
(including 1 DD)

Combined Coryat: $34,400

The J! Archive is created by fans, for fans. The Jeopardy! game show and all elements thereof, including but not limited to copyright and trademark thereto, are the property of Jeopardy Productions, Inc. and are protected under law. This website is not affiliated with, sponsored by, or operated by Jeopardy Productions, Inc. Join the discussion at JBoard.tv.